Cooleyhighharmony

Αποθηκεύτηκε σε:
Λεπτομέρειες βιβλιογραφικής εγγραφής
Συγγραφή απο Οργανισμό/Αρχή: Boyz II Men (Musical group) (Ερμηνευτής)
Μορφή: CD Ηχητικό
Γλώσσα:English
Δημοσίευση: [United States] : Motown, 1992
Θέματα:
Ετικέτες: Προσθήκη ετικέτας
Δεν υπάρχουν, Καταχωρήστε ετικέτα πρώτοι!

MARC

LEADER 00000njm a2200000 i 4500
001 1/42157
007 sd fs gn m ed
008 070309s1992 us eng d
028 0 1 |a 530 089-2  |b Motown 
035 |l 10087269 
040 |a GR-MY-UA  |b gre  |e aacr 
041 0 |a eng 
082 0 |a 784.55  |2 (22η εκδ.) 
110 1 |a Boyz II Men (Musical group)  |4 prf 
245 1 0 |a Cooleyhighharmony  |h [ηχογράφηση] /  |c Boyz II Men 
246 3 3 |a Cooley High harmony 
260 |a [United States] :   |b Motown,   |c 1992 
300 |a 1 δίσκος κόμπακτ (π. 65 λεπτ.);  |b ψηφιακός, στερεο;  |c 4 3/4 ιν. 
505 0 |a End of the road (LP version) (5'50 λεπτ.) - Please don't go (4'24 λεπτ.) - Lonely heart (3'39 λεπτ.) - This is my heart (3'23 λεπτ.) - Uhh ahh (sequel version) (4'13 λεπτ.) - It's so hard to say goodbye to yesterday (original version) (2'48 λεπτ.) - Motownphilly (Remix radio edit) (3'59 λεπτ.) - Under pressure (4'13 λεπτ.) - Sympin (remix radio edit) (3'59 λεπτ.) - Little things (4'01 λεπτ.) - Your love (5'50 λεπτ.) - Motownphilly (original version) (3'55 λεπτ.) - Sympin (original version) (4'23 λεπτ.) - Uhh ahh (original version) (3'49 λεπτ.) - It's so hard to say goodbye to yesterday (3'06 λεπτ.) 
650 0 0 |a Rock music  |y 1991-2000. 
650 0 0 |a Rap (Music) 
650 0 0 |a Popular music  |y 1991-2000. 
852 |a INST  |b RHODES  |c AV  |e 20070309  |h 784.55 BOY  |p 005400013063  |q 005400013063  |t CD  |y 23 
901 |a BIBL4-2006-1 
909 |a Ρ  |b 078300 
970 |a ΚΟΖΑ  |b ΜΑΡΙΑ  |z 2007/03/09